00143 a2200073 45000010005000001000019000052450027000242600018000511828 aMilwaved, G.E. aApplication of O and M abEvans Ltdc